Regional (Record no. 77942)
[ view plain ]
| 000 -LEADER | |
|---|---|
| fixed length control field | 01023cab a2200217 4500 |
| 001 - CONTROL NUMBER | |
| control field | ##L135576 |
| 008 - FIXED-LENGTH DATA ELEMENTS--GENERAL INFORMATION | |
| fixed length control field | 061020n2006 000 0 eng u |
| 035 ## - SYSTEM CONTROL NUMBER | |
| System control number | (Sirsi) u135576 |
| 041 ## - LANGUAGE CODE | |
| Language code of text/sound track or separate title | eng |
| 100 1# - MAIN ENTRY--PERSONAL NAME | |
| Personal name | McAllister, Sean |
| 245 00 - TITLE STATEMENT | |
| Title | Regional |
| Remainder of title | West Midlands |
| 260 3# - PUBLICATION, DISTRIBUTION, ETC. | |
| Date of publication, distribution, etc. | 2006 |
| 490 #0 - SERIES STATEMENT | |
| Series statement | Property Week |
| Volume/sequential designation | 71(44) 3 November 2006, 81-109 (13) |
| 520 ## - SUMMARY, ETC. | |
| Summary, etc. | Looks at: new development in Birmingham's Jewellery quarter; two retail developments in Birmingham which are competing to attract affluent shoppers; three developers who are vying to land the Qualifications and Curriculum Authority as a tenant in Coventry; speculative building which is finally going ahead at Prupim's high-profile scheme and Property Week and the British Council for Offices who teamed up to debate Birmingham's infrastructure problems. |
| 590 ## - LOCAL NOTE (RLIN) | |
| Local note | IKA141106 |
| 651 #4 - SUBJECT ADDED ENTRY--GEOGRAPHIC NAME | |
| Geographic name | WEST MIDLANDS |
| 690 ## - LOCAL SUBJECT ADDED ENTRY--TOPICAL TERM (OCLC, RLIN) | |
| Topical term or geographic name as entry element | PROPERTY-COMMERCIAL PROPERTY-COMMERCIAL PROPERTY MARKET |
| 700 1# - ADDED ENTRY--PERSONAL NAME | |
| Personal name | Chesters, Laura |
| 700 1# - ADDED ENTRY--PERSONAL NAME | |
| Personal name | Watson, Stuart |
| 942 ## - ADDED ENTRY ELEMENTS (KOHA) | |
| Suppress in OPAC | 0 |
| Withdrawn status | Lost status | Source of classification or shelving scheme | Damaged status | Not for loan | Home library | Current library | Shelving location | Date acquired | Total Checkouts | Full call number | Barcode | Date last seen | Copy number | Price effective from | Koha item type |
|---|---|---|---|---|---|---|---|---|---|---|---|---|---|---|---|
| Dewey Decimal Classification | London | London | Journal article | 09/11/2006 | L135576 | 135576-1001 | 06/08/2019 | 1 | 06/08/2019 | Journal article |